| 000 | 00611nma a22002177a 4500 | ||
|---|---|---|---|
| 005 | 20210325194056.0 | ||
| 006 | g q || | ||
| 008 | s2001 eng d | ||
| 041 | _aeng | ||
| 090 | _aCD560 | ||
| 245 | 1 | 0 | _aChildrensatlas.com [CD-ROM] |
| 260 | 3 |
_bTwo-Can Publishing, _c2001 |
|
| 300 | _a1 discsd., col. | ||
| 500 | _aมีหนังสือประกอบ | ||
| 650 | 0 | 4 | _aEarth -- Map |
| 650 | 0 | 4 | _aChildren -- Atlas |
| 850 | _aNALT | ||
| 942 | _cCD | ||
| 997 |
_c000000000042848 _kVC |
||
| 998 | _aน.ส.อรอุษา โอภาสมงคลชัย | ||
| 999 |
_c42848 _d42848 |
||